Beyoncé - BEYONCÉ - Statistics

General Stats
  • This quiz has been taken 50 times
  • The average score is 12 of 20
Answer Stats
2013 BEYONCÈ % Correct
4 Blow
90%
3 Drunk in Love (feat. JAY-Z)
90%
1 Pretty Hurts
90%
6 Partition
83%
2 Haunted
79%
7 Jealous
72%
11 ***Flawless (feat. Chimamanda Ngozi Adichie)
69%
9 Mine (feat. Drake)
69%
10 XO
69%
19 Blow (feat. Pharrell Williams)
66%
14 Blue (feat. Blue Ivy)
66%
8 Rocket
66%
13 Heaven
59%
5 No Angel
59%
12 Superpower (feat. Frank Ocean)
59%
15 7/11
55%
18 Ring Off
41%
20 Standing on the Sun (feat. Mr. Vegas)
41%
16 Flawless (feat. Nicki Minaj)
7%
17 Drunk in Love (feat. JAY-Z & Kanye West)
0%
No matching quizzes found
Score Distribution
Percent of People with Each Score
Percentile by Number Answered
Your Score History
You have not taken this quiz